Where is this Food From? - Statistics

General Stats
  • This quiz has been taken 158 times
    133 since last reset
  • The average score is 7 of 10
Answer Stats
Picture Answer % Correct
Dumpling - China
96%
Sushi - Japan
96%
Taco - Mexico
94%
Lasagna - Italy
91%
Croissant - France
90%
Burger - United States
88%
Potato Chips - England
70%
Borscht - Russia
46%
Jaladi- India
29%
Pavlova - New Zealand
25%
No matching quizzes found
Score Distribution
Percent of People with Each Score
Percentile by Number Answered
Your Score History
You have not taken this quiz since the last reset